[Event "Cannes Open A"]
[Site "Cannes France"]
[EventDate "2007.02.18"]
[Date "2007.02.21"]
[Round "4"]
[White "FERRIGNO, Jean Pierre"]
[WhiteTitle "-"]
[WhiteElo "2126"]
[Black "ARDUIN, Antoine"]
[BlackTitle "-"]
[BlackElo "1876"]
[Result "1-0"]
[Source "MonRoi"]

1. b3 e5 2. Bb2 d6 3. Nf3 f5 4. e3 Nf6 5. c4 Be7 6. d4 e4 7. Ng5 d5 8. Nc3 c6 9. Be2 Ng4 10. Nh3 g5 11. Qd2 Be6 12. f3 exf3 13. gxf3 Nh6 14. Nf2 Qa5 15. a3 dxc4 16. bxc4 Na6 17. Nb1 Qxd2 18. Nxd2 Bf6 19. e4 O-O-O 20. e5 Bg7 21. f4 g4 22. Nd1 Nf7 23. Ne3 Nc7 24. Nb3 b6 25. a4 h5 26. Bd3 Nh6 27. Nc1 Bf8 28. Bc3 Be7 29. Ne2 h4 30. Kd2 Rhg8 31. Rhg1 Rd7 32. Rab1 Bd8 33. a5 bxa5 34. Kc2 Na6 35. c5 Nxc5 36. dxc5 Bc7 37. Nd4 Bd5 38. Nexf5 Nf7 39. e6 Bxe6 40. Nxe6 Re8 41. Ba6  1-0

[Event "Cannes Open A"]
[Site "Cannes France"]
[EventDate "2007.02.18"]
[Date "2007.02.21"]
[Round "4"]
[White "GORSE, Gerard"]
[WhiteTitle "-"]
[WhiteElo "2054"]
[Black "WOHLERS ARMAS, Friederike"]
[BlackTitle "WIM"]
[BlackElo "2125"]
[Result "1-0"]
[Source "MonRoi"]

1. d4 Nf6 2. c4 c5 3. Nf3 g6 4. g3 Bg7 5. Bg2 cxd4 6. O-O Nc6 7. Nxd4 O-O 8. Nc3 Nxd4 9. Qxd4 d6 10. Qd3 Nd7 11. b3 Rb8 12. Bb2 b6 13. Rac1 Bb7 14. e4 Nc5 15. Qe2 f5 16. f3 fxe4 17. fxe4 Qd7 18. b4 Ne6 19. Nd5 Bxb2 20. Qxb2 Bxd5 21. cxd5 Ng5 22. e5 Rxf1 23. Rxf1 Nh3 24. Kh1 Qg4 25. exd6 exd6 26. Qf6 Ng5 27. Qxd6 Rc8 28. Qe7 h6 29. d6 Qd4 30. d7 Rb8  1-0

[Event "Cannes Open A"]
[Site "Cannes France"]
[EventDate "2007.02.18"]
[Date "2007.02.21"]
[Round "4"]
[White "DELABACA, Romuald"]
[WhiteTitle "-"]
[WhiteElo "2160"]
[Black "KIRSCH, Alain"]
[BlackTitle "-"]
[BlackElo "2042"]
[Result "1-0"]
[Source "MonRoi"]

1. c4 c6 2. e4 d5 3. exd5 cxd5 4. cxd5 Nf6 5. Qa4 Bd7 6. Qb3 Qc7 7. Nc3 g6 8. Bc4 Qc8 9. Nf3 Bg7 10. O-O O-O 11. d3 Bg4 12. Ng5 h6 13. Nge4 Nbd7 14. Be3 Nxe4 15. dxe4 Ne5 16. Be2 Bxe2 17. Nxe2 Qc4 18. Qxc4 Nxc4 19. Bd4 Nd2 20. Bxg7 Kxg7 21. Rfc1 Nxe4 22. Rc7 Kf6 23. Rxb7 Rfb8 24. Rxb8 Rxb8 25. b3 Ke5 26. f3 Nf6 27. Nc3 Kd4 28. Rc1 Rb7 29. Kf2 Nxd5 30. Nxd5 Kxd5 31. Ke3 e5 32. g4 f5 33. Rc8 fxg4 34. fxg4 Rf7 35. Rd8 Ke6 36. Rh8 Rf4 37. h3 a5 38. Rxh6 Kf6 39. Rh8 Kg5 40. Re8 Kh4 41. Rxe5 Rf6 42. Rxa5 Kxh3 43. g5 Rd6 44. a4 Kg4 45. Rb5  1-0

[Event "Cannes Open A"]
[Site "Cannes France"]
[EventDate "2007.02.18"]
[Date "2007.02.21"]
[Round "4"]
[White "ZERMICHE, Cherif"]
[WhiteTitle "-"]
[WhiteElo "2105"]
[Black "DI LAZZARO, Gabriele"]
[BlackTitle "-"]
[BlackElo "2010"]
[Result "1-0"]
[Source "MonRoi"]

1. e4 c5 2. Nc3 Nc6 3. f4 g6 4. Nf3 Bg7 5. Bc4 e6 6. O-O Nge7 7. Qe1 O-O 8. d3 d5 9. Bb3 Na5 10. Ba4 a6 11. Bd2 Nec6 12. exd5 exd5 13. Nxd5 Qxd5 14. Bxa5 Nxa5 15. Qxa5 Bxb2 16. Bb3 Qd6 17. Rae1 b6 18. Qd2 Bg7 19. Qe2 Bf6 20. Ne5 Bb7 21. Kh1 Bd5 22. Qg4 Rad8 23. Qg3 Rfe8 24. Ng4 Bc3 25. Re5 Bxb3 26. axb3 Kg7 27. Ne3 Rxe5 28. fxe5 Qxe5 29. Nf5 Kf8 30. Nh6 Qxg3 31. Rxf7 Ke8 32. hxg3 Rd7 33. Rf4 Rd6 34. Ng4 Re6 35. Nf2 Re2 36. Re4 Rxe4 37. Nxe4 Be5 38. Kg1 Kd7 39. Kf2 Kc6 40. c3 b5 41. Ke3 Kd5 42. c4 Kc6 43. g4 h6 44. g5 hxg5 45. Nxg5 a5 46. Nf7 Bf6 47. Ke4 a4 48. cxb5 Kxb5 49. bxa4 Kxa4 50. Kd5 Kb5 51. g4 Bd4 52. Nd8 Kb4 53. Nc6 Kc3 54. Ke4 Bf6 55. Na5 Bd8 56. Nc4 Bc7 57. Ne3 Bg3 58. Nd5 Kc2 59. Ne7 g5 60. Nf5 Bf4 61. Ng7 Kc3 62. Ne6 Bd6 63. Nxg5 c4 64. d4 Kb2 65. Nf3 c3 66. Ne1 c2 67. Nd3 Kc3 68. g5 Ba3 69. g6 Bf8 70. d5 Kd2 71. d6  1-0

[Event "Cannes Open A"]
[Site "Cannes France"]
[EventDate "2007.02.18"]
[Date "2007.02.21"]
[Round "4"]
[White "HAUSEUX, Philippe"]
[WhiteTitle "-"]
[WhiteElo "2061"]
[Black "PARODI, Alessandro"]
[BlackTitle "-"]
[BlackElo "1893"]
[Result "1-0"]
[Source "MonRoi"]

1. e4 d6 2. d4 Nf6 3. Nc3 g6 4. f3 Bg7 5. Be3 O-O 6. Qd2 c6 7. Bh6 Bxh6 8. Qxh6 b5 9. O-O-O Qa5 10. Kb1 Nbd7 11. h4 Nb6 12. h5 Be6 13. e5 dxe5 14. dxe5 Nxh5 15. Rxh5 gxh5 16. Bd3 f5 17. Qxe6 Rf7 18. Nh3 h6 19. Bxf5 Nc4 20. Bg6 Raf8 21. Bxf7 Rxf7 22. Qg6 Rg7 23. Qe8 Kh7 24. Rd8 Qb4 25. Qh8 Kg6 26. Nf4 Kg5 27. Nd3  1-0

[Event "Cannes Open A"]
[Site "Cannes France"]
[EventDate "2007.02.18"]
[Date "2007.02.21"]
[Round "4"]
[White "L'HERMITTE, Emmanuel"]
[WhiteTitle "-"]
[WhiteElo "2032"]
[Black "BRONGERS, Henk"]
[BlackTitle "-"]
[BlackElo "1969"]
[Result "1-0"]
[Source "MonRoi"]

1. d4 Nf6 2. c4 g6 3. Nc3 Bg7 4. e4 d6 5. Be2 O-O 6. Nf3 e5 7. O-O Na6 8. d5 Nc5 9. Qc2 a5 10. Be3 Ne8 11. a3 f5 12. b4 Nxe4 13. Nxe4 fxe4 14. Ng5 Qe7 15. c5 Nf6 16. Qc4 Ng4 17. Bxg4 Bxg4 18. Nxe4 Bf5 19. Bg5 Qf7 20. Ng3 axb4 21. axb4 Rxa1 22. Rxa1 dxc5 23. Qxc5 Bd3 24. Be3 Rd8 25. h3 Qxd5 26. Qxc7 Bb5 27. Ra5 Re8 28. Qb6 Qd1 29. Kh2 Bc6 30. b5 Bd5 31. Qc7 Bf6 32. Qd6 Kf7 33. Ra7 Re6 34. Rxb7 Be7 35. Qd7 Qb3 36. Rb8 Rd6 37. Qe8 Ke6 38. Bg5 Rd7  1-0

[Event "Cannes Open A"]
[Site "Cannes France"]
[EventDate "2007.02.18"]
[Date "2007.02.21"]
[Round "4"]
[White "GIRARD, Jean Pierre"]
[WhiteTitle "-"]
[WhiteElo "2028"]
[Black "CEDRIC, Monier"]
[BlackTitle "-"]
[BlackElo "1869"]
[Result "0-1"]
[Source "MonRoi"]

1. e4 e5 2. Nf3 Nf6 3. Nxe5 d6 4. Nf3 Nxe4 5. d4 d5 6. Bd3 Nc6 7. O-O Be7 8. c4 Nb4 9. Be2 O-O 10. Nc3 Nxc3 11. bxc3 Nc6 12. Rb1 Rb8 13. cxd5 Qxd5 14. Rb5 Qd6 15. Bd3 f5 16. Re1 a6 17. Bc4 Kh8 18. Rd5 Qg6 19. Qe2 Bd6 20. Bd3 Bd7 21. Ne5 Bxe5 22. dxe5 Be6 23. Rc5 Rbd8 24. Bxa6 Bd5 25. Rxd5 Rxd5 26. Bxb7 Rxe5 27. Be3 f4 28. Qf3 Na5 29. Rd1 Nxb7 30. Qxb7 fxe3 31. Qxc7 exf2  0-1

[Event "Cannes Open A"]
[Site "Cannes France"]
[EventDate "2007.02.18"]
[Date "2007.02.21"]
[Round "4"]
[White "PIERRARD, Bernard"]
[WhiteTitle "-"]
[WhiteElo "1976"]
[Black "CAPPONI, Axel"]
[BlackTitle "-"]
[BlackElo "1840"]
[Result "1-0"]
[Source "MonRoi"]

1. b3 d5 2. Bb2 Bg4 3. Nf3 c6 4. e3 Nd7 5. Be2 Ngf6 6. d4 e6 7. O-O Bd6 8. Nbd2 O-O 9. c4 b6 10. a3 c5 11. cxd5 exd5 12. h3 Bh5 13. Ne5 Bxe2 14. Qxe2 Re8 15. Nd3 Ne4 16. Rfd1 Qg5 17. Nf3 Qh5 18. Qf1 Re6 19. dxc5 bxc5 20. Nf4 Bxf4 21. exf4 Rg6 22. f5 Rd6 23. g4 Qh6 24. Bc1 Qf6 25. Bf4 Nc3 26. Bg5 Ne2 27. Qxe2 Qc3 28. Qd3 Qa5 29. Be7 Rh6 30. Qxd5 Nf6  1-0

[Event "Cannes Open A"]
[Site "Cannes France"]
[EventDate "2007.02.18"]
[Date "2007.02.21"]
[Round "5"]
[White "PALAC, Mladen"]
[WhiteTitle "GM"]
[WhiteElo "2571"]
[Black "SULAVA, Nenad"]
[BlackTitle "GM"]
[BlackElo "2537"]
[Result "1/2-1/2"]
[Source "MonRoi"]

1. d4 Nf6 2. c4 e6 3. Nf3 Bb4 4. Nbd2 b6 5. e3 O-O 6. Bd3 Bb7 7. O-O c5 8. a3 Bxd2 9. Bxd2 d6 10. Bc3 Nbd7 11. Re1 Rc8 12. Nd2 cxd4 13. exd4  1/2-1/2

[Event "Cannes Open A"]
[Site "Cannes France"]
[EventDate "2007.02.18"]
[Date "2007.02.21"]
[Round "5"]
[White "SANCHEZ, Joseph"]
[WhiteTitle "IM"]
[WhiteElo "2482"]
[Black "DUBREUIL, Julien"]
[BlackTitle "-"]
[BlackElo "2278"]
[Result "1-0"]
[Source "MonRoi"]

1. e4 d5 2. exd5 Qxd5 3. Nc3 Qa5 4. d4 c6 5. Nf3 Nf6 6. Bc4 Bf5 7. Bd2 Qc7 8. Qe2 e6 9. Ne5 Bb4 10. g4 Bg6 11. h4 Bxc3 12. Bxc3 Be4 13. Rh3 Bd5 14. Bd3 a5 15. a4 Qb6 16. O-O-O Na6 17. g5 Nd7 18. Nxd7 Kxd7 19. Be1 Qxd4 20. Bxa6 Qf4 21. Bd2 Qf5 22. Re3 Rxa6 23. c4 Rc8 24. Bc3 Ke8 25. cxd5 cxd5 26. Rd4 Rc5 27. Rf3 Qg6 28. Qe5 Rac6 29. Qb8 Rc8 30. Qxb7 R8c7 31. Qb8 Rc8 32. Qe5 R8c7 33. Rxd5 Rxd5 34. Qxc7 Rd7 35. Qc8  1-0

[Event "Cannes Open A"]
[Site "Cannes France"]
[EventDate "2007.02.18"]
[Date "2007.02.21"]
[Round "5"]
[White "NIKCEVIC, Nebojsa"]
[WhiteTitle "GM"]
[WhiteElo "2448"]
[Black "HOMMELES, Theo"]
[BlackTitle "FM"]
[BlackElo "2375"]
[Result "1/2-1/2"]
[Source "MonRoi"]

1. c4 g6 2. d4 Bg7 3. e4 d6 4. Nc3 e5 5. d5 f5 6. exf5 gxf5 7. Qh5 Kf8 8. g3 Qe8 9. Qd1 Na6 10. Be2 Bd7 11. Nf3 Bf6 12. O-O Qg6 13. Kh1 Nh6 14. Ne1 Rg8 15. f4 Ke7 16. fxe5 dxe5 17. Bh5 Qg7 18. Qe2 Raf8 19. Nd3 Kd8 20. Be3 Ng4 21. Bg1 Qg5 22. Bxg4 Qxg4 23. Qxg4 Rxg4 24. Rae1 Re8 25. c5 h5 26. Nf2 Rg6 27. Nd3 Rg4 28. Nf2 Rg6 29. Nd3 Rg4 30. Nf2  1/2-1/2

[Event "Cannes Open A"]
[Site "Cannes France"]
[EventDate "2007.02.18"]
[Date "2007.02.21"]
[Round "5"]
[White "LECONTE, Maria"]
[WhiteTitle "WGM"]
[WhiteElo "2377"]
[Black "ZELCIC, Robert"]
[BlackTitle "GM"]
[BlackElo "2557"]
[Result "0-1"]
[Source "MonRoi"]

1. e4 c6 2. d4 d5 3. Nc3 dxe4 4. Nxe4 Bf5 5. Ng3 Bg6 6. Bc4 e6 7. N1e2 Bd6 8. h4 h6 9. Nf4 Bxf4 10. Bxf4 Nf6 11. Qe2 Nbd7 12. O-O-O Nb6 13. Bb3 Nbd5 14. Bd2 b5 15. h5 Bh7 16. f3 O-O 17. Ne4 Nxe4 18. fxe4 Nf6 19. Rh4 a5 20. a3 Ra7 21. Qe3 Rd7 22. e5 Nd5 23. Qg3 Ne7 24. Rg4 Nf5 25. Rxg7 Kh8 26. Rxh7 Kxh7 27. Qf3 Nxd4 28. Qe4 Kh8 29. Ba2 b4 30. g4 bxa3 31. bxa3 Qe7 32. Qe3 Rb8 33. Rf1 Kg8 34. g5 Qc5 35. c3 Qxa3 36. Kd1 Qa4  0-1

[Event "Cannes Open A"]
[Site "Cannes France"]
[EventDate "2007.02.18"]
[Date "2007.02.21"]
[Round "5"]
[White "OLIVIER, Jean Christophe"]
[WhiteTitle "IM"]
[WhiteElo "2365"]
[Black "BOSIOCIC, Marin"]
[BlackTitle "IM"]
[BlackElo "2474"]
[Result "0-1"]
[Source "MonRoi"]

1. e4 c5 2. Nf3 e6 3. d4 cxd4 4. Nxd4 Nc6 5. Nb5 d6 6. c4 a6 7. N5c3 Nf6 8. Be2 b6 9. O-O Be7 10. Be3 Bb7 11. Na3 O-O 12. f4 Rc8 13. Bf3 Na5 14. Qe2 Nd7 15. Rac1 Ba8 16. Rfd1 Qc7 17. b4 Nb7 18. Na4 Nd8 19. e5 Bxf3 20. Qxf3 dxe5 21. Rxd7 Qxd7 22. Nxb6 Qc7 23. Nxc8 Bxb4 24. Nc2 Bc5 25. fxe5 Qxc8 26. Ne1 Ba3 27. Rc2 Nc6 28. Qe4 Rd8 29. Nf3 Ne7 30. Rd2 Nf5 31. Rxd8 Qxd8 32. Bd2 h5 33. Kf1 Qb8 34. Qd3 Qb2 35. Qb3 Qa1 36. Ke2 Bf8 37. Qb8 Qxa2 38. Kd3 a5 39. g3 a4 40. Bc3 Qa3 41. Ng5 Qc1 42. Bd2 Qf1 43. Kc3 a3 44. Qa7 Nh6 45. c5 Qa1 46. Kc4 Qa2 47. Kc3 Qb2 48. Kd3 Qb5 49. Kc2 Bxc5 50. Qa8 Bf8 51. Bc3 Qe2 52. Kb3 Qd1 53. Kc4 Ng4 54. h4 Ne3  0-1

[Event "Cannes Open A"]
[Site "Cannes France"]
[EventDate "2007.02.18"]
[Date "2007.02.21"]
[Round "5"]
[White "WOHL, Aleksandar"]
[WhiteTitle "-"]
[WhiteElo "2425"]
[Black "NEIMAN, Emmanuel"]
[BlackTitle "FM"]
[BlackElo "2358"]
[Result "1-0"]
[Source "MonRoi"]

1. b3 d5 2. Bb2 Bg4 3. d3 c5 4. Nd2 Nc6 5. h3 Bh5 6. Ngf3 f6 7. e4 d4 8. Be2 Bf7 9. e5 fxe5 10. Ng5 Nf6 11. Nxf7 Kxf7 12. Bf3 Rc8 13. O-O g6 14. Re1 Bg7 15. Bxc6 Rxc6 16. Rxe5 Nh5 17. Qf3 Ke8 18. Rxh5 gxh5 19. Qxh5 Kf8 20. Ne4 Qe8 21. Qe2 Rg8 22. Ba3 b6 23. Re1 a5 24. Ng5 e5 25. Nxh7 Ke7 26. Ng5 Rg6 27. Bc1 Bf6 28. h4 Kd7 29. Qg4 Kc7 30. f4 Rf8 31. f5 Rgg8 32. Qe4 Kb8 33. Ne6 Rf7 34. Bg5 Bh8 35. g4 Ka7 36. a4 Bf6 37. Re2 Qe7 38. Qd5 Rh7 39. Nxd4 cxd4 40. Qxg8 Rg7 41. Qe6 Bxg5 42. hxg5 Qxg5 43. f6 Rh7 44. Rxe5 Qc1 45. Re1 Qf4 46. Qe4 Qg3 47. Kf1 Rh2 48. Re2 Qh3 49. Rg2 Rh1 50. Ke2 Rc1 51. Rf2 Qg3 52. Qf4 Rxc2 53. Kf1 Qxd3 54. Kg1 Qd1 55. Kg2 Rc1 56. Qxc1 Qxc1 57. f7 Qc6 58. Rf3 Qc2 59. Kg3 Qc7 60. Kh3  1-0

[Event "Cannes Open A"]
[Site "Cannes France"]
[EventDate "2007.02.18"]
[Date "2007.02.21"]
[Round "5"]
[White "FOISOR, Ovidiu Doru"]
[WhiteTitle "IM"]
[WhiteElo "2418"]
[Black "MIDOUX, Sebastien"]
[BlackTitle "-"]
[BlackElo "2358"]
[Result "1-0"]
[Source "MonRoi"]

1. c4 e5 2. g3 Nf6 3. Bg2 c6 4. d4 exd4 5. Qxd4 Na6 6. Nf3 Bc5 7. Qe5 Qe7 8. Qxe7 Bxe7 9. Nc3 Nc5 10. Nd4 g6 11. O-O O-O 12. Rd1 Re8 13. b4 Ne6 14. Nc2 Bf8 15. Rb1 d5 16. b5 Nc5 17. bxc6 bxc6 18. cxd5 Bf5 19. Rb2 Bg7 20. dxc6 Nfe4 21. Nxe4 Nxe4 22. Nd4 Rad8 23. Bxe4 Bxe4 24. c7 Rc8 25. Bf4 g5 26. Bd6 a6 27. Rb8 Bf8 28. Bxf8 Kxf8 29. Ne6 fxe6 30. Rxc8  1-0

[Event "Cannes Open A"]
[Site "Cannes France"]
[EventDate "2007.02.18"]
[Date "2007.02.21"]
[Round "5"]
[White "PULITO, Alberto"]
[WhiteTitle "-"]
[WhiteElo "2239"]
[Black "MOGRANZINI, Roberto"]
[BlackTitle "FM"]
[BlackElo "2401"]
[Result "1/2-1/2"]
[Source "MonRoi"]

1. e4 c5 2. c3 Nf6 3. e5 Nd5 4. d4 cxd4 5. Nf3 Nc6 6. cxd4 d6 7. Bc4 Nb6 8. Bb5 Bd7 9. Nc3 dxe5 10. dxe5 g6 11. O-O Bg7 12. Re1 O-O 13. Bf4 Bg4 14. h3 Qxd1 15. Raxd1 Bxf3 16. gxf3 Rac8 17. Nd5 Nxd5 18. Rxd5 Nb8 19. Bf1 e6 20. Rd2 a6 21. Bg5 Nc6 22. f4 h6 23. Bh4 g5 24. fxg5 Nxe5 25. Bg2 hxg5 26. Bxg5 b5  1/2-1/2

[Event "Cannes Open A"]
[Site "Cannes France"]
[EventDate "2007.02.18"]
[Date "2007.02.21"]
[Round "5"]
[White "HESS, Robert"]
[WhiteTitle "FM"]
[WhiteElo "2394"]
[Black "ARANOVITCH, Emiliano"]
[BlackTitle "-"]
[BlackElo "2297"]
[Result "1-0"]
[Source "MonRoi"]

1. e4 c5 2. Nc3 d6 3. g3 Nc6 4. Bg2 g6 5. d3 Bg7 6. f4 Rb8 7. Nf3 b5 8. O-O Nf6 9. h3 b4 10. Ne2 e5 11. f5 gxf5 12. exf5 h5 13. Bg5 Bh6 14. Bh4 Bb7 15. c3 Rg8 16. a3 a5 17. Kh2 Kf8 18. Qe1 bxc3 19. bxc3 Na7 20. Rb1 Bxf3 21. Bxf6 Rxb1 22. Qxb1 Qxf6 23. Bxf3 Nc8 24. Qb7 Ne7 25. Bxh5 Bg5 26. Qf3 Kg7 27. h4 Bh6 28. c4 Rb8 29. Nc3 Rb2+ 30. Kh3 Ng8 31. Nd5 Qd8 32. f6+ Kf8 33. Qf5 Qb8 34. Bxf7 Kxf7 35. Qh7+ Kf8 36. Ne7  1-0

[Event "Cannes Open A"]
[Site "Cannes France"]
[EventDate "2007.02.18"]
[Date "2007.02.21"]
[Round "5"]
[White "STRUK, Jerzy"]
[WhiteTitle "-"]
[WhiteElo "2260"]
[Black "FELLER, Sebastien"]
[BlackTitle "FM"]
[BlackElo "2431"]
[Result "1/2-1/2"]
[Source "MonRoi"]

1. e4 g6 2. d4 Bg7 3. Nc3 d6 4. Nf3 a6 5. a4 Bg4 6. Be2 c6 7. O-O Nd7 8. a5 e6 9. h3 Bxf3 10. Bxf3 Ne7 11. Bg5 O-O 12. Qd2 Re8 13. Rfd1 d5 14. g3 Nf6 15. Bg2 dxe4 16. Nxe4 Nxe4 17. Bxe4 Qd7 18. Kg2 Nf5 19. c3 h6 20. Bxf5 Qd5 21. Be4 Qxg5 22. h4 Qf6 23. Qd3 Rad8 24. Qf3 Qe7 25. Bc2 Rd5 26. Be4 Rd7 27. Bc2 Red8 28. Bb3 Qf6 29. Qxf6 Bxf6 30. Kf3 e5 31. dxe5 Bxe5 32. Rxd7 Rxd7 33. Ke2 Bc7 34. Bc4 Kg7 35. Bd3 Rd5 36. b4 Be5 37. Ra3 f5 38. c4 Rd4 39. b5 cxb5 40. cxb5 axb5 41. Bxb5 Rb4 42. Bd3 f4 43. a6 fxg3 44. fxg3  1/2-1/2

[Event "Cannes Open A"]
[Site "Cannes France"]
[EventDate "2007.02.18"]
[Date "2007.02.21"]
[Round "5"]
[White "MUFIC, Goran"]
[WhiteTitle "IM"]
[WhiteElo "2312"]
[Black "FOISOR, Cristina Adela"]
[BlackTitle "IM"]
[BlackElo "2399"]
[Result "1/2-1/2"]
[Source "MonRoi"]

1. e4 c5 2. c3 g6 3. d4 cxd4 4. cxd4 d5 5. e5 Nc6 6. Nc3 f6 7. f4 Nh6 8. Be2 Bg7 9. Nf3 Bg4 10. Be3 Nf5 11. Bf2 e6 12. O-O O-O 13. h3 Bxf3 14. Bxf3 fxe5 15. fxe5 Bh6 16. Qd3 Rc8 17. g4 Nh4 18. Be2 Bf4 19. Bg3 Nb4 20. Qb5 Bxg3 21. Qxb4 Bf4 22. Qxb7 Rb8 23. Qxa7 Rxb2 24. Rab1 Rxb1 25. Rxb1 Nf5 26. Nd1 Qh4 27. gxf5 Qg3 28. Kf1 Qxh3 29. Ke1 Qh1 30. Kf2 Qh2 31. Ke1 Qh1 32. Kf2 Qh2 33. Ke1 Qh1 34. Kf2 Qh4 35. Kf1 Qh3 36. Ke1 Qh1  1/2-1/2

[Event "Cannes Open A"]
[Site "Cannes France"]
[EventDate "2007.02.18"]
[Date "2007.02.21"]
[Round "5"]
[White "PETROSIAN, Suren"]
[WhiteTitle "IM"]
[WhiteElo "2391"]
[Black "WAGNER, Steven"]
[BlackTitle "-"]
[BlackElo "2083"]
[Result "1-0"]
[Source "MonRoi"]

1. e4 d5 2. exd5 Qxd5 3. Nc3 Qd8 4. d4 Nf6 5. Bg5 h6 6. Bh4 c6 7. Bc4 Bf5 8. Nf3 e6 9. Qe2 Bb4 10. O-O-O Bxc3 11. bxc3 O-O 12. g4 Bxg4 13. Rhg1 Bh5 14. Qe3 Kh7 15. Bd3 g6 16. Ne5 Nd5 17. Bxd8 Nxe3 18. fxe3 f5 19. Be7 Re8 20. Bd6 Bxd1 21. Kxd1 Rg8 22. Bc4 Na6 23. Bxe6 Rg7 24. Nxg6 Rxg6 25. Bxf5 Rag8 26. e4 h5 27. e5 Kh6 28. Rxg6 Rxg6 29. Bxg6 Kxg6 30. e6 Kf6 31. e7 Kf7 32. Ke2 Ke8 33. Ke3  1-0

[Event "Cannes Open A"]
[Site "Cannes France"]
[EventDate "2007.02.18"]
[Date "2007.02.21"]
[Round "5"]
[White "SARAVANAN, V"]
[WhiteTitle "IM"]
[WhiteElo "2374"]
[Black "HRZICA, Rok"]
[BlackTitle "-"]
[BlackElo "2257"]
[Result "1-0"]
[Source "MonRoi"]

1. e4 c5 2. Nf3 Nf6 3. e5 Nd5 4. Nc3 Nxc3 5. dxc3 d5 6. exd6 Qxd6 7. Qxd6 exd6 8. Bf4 Bg4 9. O-O-O Bxf3 10. gxf3 Kd7 11. Bc4 Be7 12. Bxf7 Rf8 13. Bd5 Nc6 14. Bg3 Bg5 15. Kb1 Bf4 16. Rhe1 Rf6 17. Re4 Raf8 18. b4 b6 19. bxc5 bxc5 20. Ra4 a5 21. Ra3 Kc7 22. Rb3 Rb8 23. Rxb8 Nxb8 24. Re1 Nc6 25. Re8 Kd7 26. Rg8 g5 27. Rg7 Ne7 28. Rxh7 Bxg3 29. fxg3 Kd8 30. Ba8 d5 31. c4 Rb6 32. Kc1 dxc4 33. Rg7 Nf5 34. Rxg5 Ne3 35. Kd2 Nf1 36. Ke2 Rb1 37. h4  1-0

[Event "Cannes Open A"]
[Site "Cannes France"]
[EventDate "2007.02.18"]
[Date "2007.02.21"]
[Round "5"]
[White "FLEAR, Christine"]
[WhiteTitle "WIM"]
[WhiteElo "2160"]
[Black "FOISOR, Sabina Francesca"]
[BlackTitle "WIM"]
[BlackElo "2342"]
[Result "0-1"]
[Source "MonRoi"]

1. Nf3 g6 2. c4 Bg7 3. g3 c5 4. Bg2 Nc6 5. Nc3 e6 6. O-O Nge7 7. d3 O-O 8. a3 d5 9. cxd5 exd5 10. Bg5 Be6 11. Rc1 Rc8 12. Qa4 h6 13. Bxe7 Qxe7 14. Rb1 b6 15. Rbc1 d4 16. Nb1 Bd5 17. Rfe1 Rfe8 18. Nh4 Bxg2 19. Kxg2 Qb7 20. Nf3 Re6 21. Kg1 Rce8 22. Qd1 Qe7 23. Kf1 h5 24. Nbd2 Bh6 25. Rc2 g5 26. h3 g4 27. hxg4 hxg4 28. Nh2 Ne5 29. Nc4 Qg5 30. Nxe5 Rxe5 31. e4 dxe3 32. Qxg4 exf2 33. Qxg5 Bxg5 34. Rxe5 Rxe5 35. Nf3 Rd5 36. Nxg5 Rxg5 37. Kxf2 f6 38. Kf3 Kf7 39. Re2 Rf5 40. Kg4 Rf1 41. Rd2 Ke6 42. d4 c4 43. d5 Kd6 44. Rd4 b5 45. a4 a6 46. axb5 axb5 47. Rd2 b4 48. Rd4 c3 49. bxc3 bxc3 50. Rc4 f5 51. Kh4 Rf3 52. Rd4 c2 53. Rc4 Rf2 54. g4 fxg4 55. Kxg4 Kxd5 56. Rc8 Kd4 57. Kg3 Rd2 58. Kf4 Kd3 59. Kf3 Rd1 60. Rd8 Kc3 61. Rc8 Kb3 62. Rb8 Ka4 63. Ra8 Kb5  0-1

[Event "Cannes Open A"]
[Site "Cannes France"]
[EventDate "2007.02.18"]
[Date "2007.02.21"]
[Round "5"]
[White "MALEKI, Nicolas"]
[WhiteTitle "-"]
[WhiteElo "2116"]
[Black "VERNAY, Clovis"]
[BlackTitle "FM"]
[BlackElo "2341"]
[Result "1/2-1/2"]
[Source "MonRoi"]

1. e4 e6 2. d4 d5 3. e5 c5 4. c3 Nc6 5. Nf3 Qb6 6. a3 Bd7 7. b4 cxd4 8. cxd4 Rc8 9. Bb2 Na5 10. Nbd2 Nc4 11. Bxc4 dxc4 12. Qc2 Qa6 13. O-O Ba4 14. Qc1 Qc6 15. Nb1 Ne7 16. Nc3 Nd5 17. Re1 Be7 18. Ng5 Nxc3 19. Bxc3 Qd5 20. Ra2 Bc6 21. Ne4 O-O 22. f3 b6 23. Qf4 f5 24. exf6 gxf6 25. Rae2 Rf7 26. Ng3 Bd7 27. Nf5 Bf8 28. Nh6 Bxh6 29. Qxh6 Rg7 30. Kf1 Rf8 31. Qh4 Qf5 32. Qe4 Qh5 33. Qf4 b5 34. Rd1 Rg5 35. Qd6 Rf7 36. Be1 e5 37. dxe5 fxe5 38. Bg3 e4 39. Rxe4 Rxf3 40. gxf3 Qxf3 41. Kg1 Qxe4 42. Qxd7 Qe3 43. Kf1 Qf3 44. Kg1  1/2-1/2

[Event "Cannes Open A"]
[Site "Cannes France"]
[EventDate "2007.02.18"]
[Date "2007.02.21"]
[Round "5"]
[White "CORDARA, Michele"]
[WhiteTitle "FM"]
[WhiteElo "2169"]
[Black "FARGERE, Francois"]
[BlackTitle "FM"]
[BlackElo "2330"]
[Result "0-1"]
[Source "MonRoi"]

1. c4 c6 2. Nf3 d5 3. b3 Bg4 4. Bb2 Nd7 5. cxd5 cxd5 6. d4 Bxf3 7. exf3 e6 8. Bd3 Bd6 9. Qd2 Qh4 10. g3 Qh3 11. Nc3 a6 12. Qe3 Ne7 13. Ne2 Nf5 14. Nf4 Nxe3 15. Nxh3 Nf5 16. Ke2 Ne7 17. f4 Nc6 18. Rac1 h6 19. Rhe1 O-O 20. Kf1 Rfc8 21. Ng1 Rc7 22. Nf3 Rac8 23. Ne5 Ndxe5 24. fxe5 Bb4 25. Red1 Ba5 26. Bb1 Bb6 27. Ke1 Ba5 28. Kf1 Na7 29. Ke2 Nb5 30. Bd3 Bc3 31. Bxb5 Bxb2 32. Rxc7 Rxc7 33. Bd3 Bxd4 34. f4 Bc3 35. Ke3 Kf8 36. h3 Ke7 37. h4 f6 38. exf6 gxf6 39. g4 Kd6 40. Rc1  0-1

[Event "Cannes Open A"]
[Site "Cannes France"]
[EventDate "2007.02.18"]
[Date "2007.02.21"]
[Round "5"]
[White "FIERRO BAQUERO, Martha"]
[WhiteTitle "IM"]
[WhiteElo "2339"]
[Black "RICTER, Jean Paul"]
[BlackTitle "-"]
[BlackElo "2174"]
[Result "1-0"]
[Source "MonRoi"]

1. e4 d5 2. exd5 c6 3. dxc6 Nxc6 4. Nf3 Qc7 5. Bc4 Bf5 6. O-O O-O-O 7. Nc3 Nf6 8. d3 e5 9. Nb5 Qb8 10. Ng5 a6 11. Nxf7 axb5 12. Nxd8 Kxd8 13. Bxb5 Nd4 14. a4 Bg4 15. f3 Qa7 16. Be3 Bc5 17. Kh1 Be6 18. Qd2 Nd5 19. Bxd4 Bxd4 20. Qg5 Kc8 21. c3 h6 22. Qxg7 Rg8 23. Qxh6 Nf4 24. cxd4 Qxd4 25. Rac1 Kb8 26. Rc2 Bd5 27. Qd6 Ka8 28. Qc5  1-0

[Event "Cannes Open A"]
[Site "Cannes France"]
[EventDate "2007.02.18"]
[Date "2007.02.21"]
[Round "5"]
[White "CLERY, Nicolas"]
[WhiteTitle "FM"]
[WhiteElo "2324"]
[Black "DIOTALLEVI, Maurizio"]
[BlackTitle "-"]
[BlackElo "2154"]
[Result "1-0"]
[Source "MonRoi"]

1. Nf3 d5 2. c4 e6 3. g3 Nf6 4. Bg2 Be7 5. O-O O-O 6. b3 c6 7. Bb2 Nbd7 8. d3 Re8 9. Nbd2 Bf8 10. Qc2 e5 11. cxd5 Nxd5 12. Rad1 Nb4 13. Qb1 c5 14. e3 Nc6 15. d4 cxd4 16. exd4 exd4 17. Nxd4 Nxd4 18. Bxd4 Nf6 19. Ne4 Nxe4 20. Bxe4 g6 21. Ba1 Qb6 22. Qb2 f6 23. Bd5 Kg7 24. Rfe1 Bg4 25. Rc1 Be7 26. Bc6 Qd8 27. Bxe8 Qxe8 28. Rc7  1-0

[Event "Cannes Open A"]
[Site "Cannes France"]
[EventDate "2007.02.18"]
[Date "2007.02.21"]
[Round "5"]
[White "VILLENEUVE, Alain"]
[WhiteTitle "IM"]
[WhiteElo "2287"]
[Black "FERRIGNO, Jean Pierre"]
[BlackTitle "-"]
[BlackElo "2126"]
[Result "1-0"]
[Source "MonRoi"]

1. d4 c5 2. c3 e6 3. Nf3 Nf6 4. g3 b6 5. Bg2 Bb7 6. O-O Be7 7. Nbd2 O-O 8. Re1 d5 9. Ne5 Nbd7 10. f4 b5 11. a3 Qb6 12. e3 Rfd8 13. Kh1 a5 14. g4 Nxe5 15. fxe5 Nd7 16. Rf1 f6 17. exf6 Bxf6 18. Nf3 h6 19. g5 hxg5 20. Bh3 Qd6 21. Rg1 Qe7 22. Qf1 e5 23. Qg2 Nf8 24. Bd2 Nh7 25. Bf5 Nf8 26. Rad1 cxd4 27. exd4 e4 28. Nxg5 Bc8 29. Qh3 Bxf5 30. Qxf5 Qd7 31. Rdf1 Qxf5 32. Rxf5 Ra6 33. Be3 g6 34. Nh3 Kf7 35. Rf2 Ke7 36. Rgf1 Nh7 37. Nf4 g5 38. Nh5 Rf8 39. Rf5 Rd6 40. Kg2 Rf7 41. R1f2 Rf8 42. b3 Rc6 43. Bd2 e3 44. Re2 Re6 45. Rxe3 Rc8 46. Nxf6 Nxf6 47. Rxe6 Kxe6 48. Re5 Kd6 49. Bxg5 Rg8 50. Kf3 Ne4 51. Bf4  1-0